A TEXT BOOK OF PHARMACEUTICAL QUALITY ASSURANCE: FOR B. PHARMA. [3RD YEAR. 6TH SEM] (Record no. 8920)

MARC details
000 -LEADER
fixed length control field 00591nam a22001817a 4500
005 - DATE AND TIME OF LATEST TRANSACTION
control field 20251126180203.0
008 - FIXED-LENGTH DATA ELEMENTS--GENERAL INFORMATION
fixed length control field 251120b |||||||| |||| 00| 0 eng d
020 ## - INTERNATIONAL STANDARD BOOK NUMBER
ISBN 978-81-962762-3-2
041 ## - LANGUAGE CODE
Language code of text/sound track or separate title eng
082 ## - DEWEY DECIMAL CLASSIFICATION NUMBER
Classification number 615.18 RAJ-T
100 ## - MAIN ENTRY--AUTHOR NAME
Personal name RAJPUT, HAKIM SINGH AND TRILOCHN A, DR. N & SHUKLA, SANTOSH PRATAP, SHOURYA
245 ## - TITLE STATEMENT
Title A TEXT BOOK OF PHARMACEUTICAL QUALITY ASSURANCE: FOR B. PHARMA. [3RD YEAR. 6TH SEM]
250 ## - EDITION STATEMENT
Edition statement 1ST ED. 2023
260 ## - PUBLICATION, DISTRIBUTION, ETC. (IMPRINT)
Place of publication NEW DELHI
Name of publisher INNOVATIVE PUBLICATIONS PVT LTD.
Year of publication 2025
300 ## - PHYSICAL DESCRIPTION
Number of Pages 144;P
650 ## - SUBJECT ADDED ENTRY--TOPICAL TERM
Topical Term PHARMACY
General subdivision B. PHARMA
942 ## - ADDED ENTRY ELEMENTS (KOHA)
Koha item type Books
Holdings
Lost status Damaged status Collection code Home library Current library Date acquired Source of acquisition Cost, normal purchase price Full call number Accession Number Koha item type
    PHARMACY JRU Library JRU Library 14/11/2025 PURCHASE 350.00 615.18 29028 Books